• 首页
  • 本馆介绍
  • 公告通知
  • 最新文献
  • 馆藏检索
  • 电子资源
  • 读者导购
  • 参考咨询
  • 我的图书馆
  • 登录
  • 详细信息显示
  • 放入我的书架
  • 预约/预借图书
  • 作者相关作品
  • 分类相关作品
  • 丛书相关作品
  • 出版社相关作品

书目信息

  • 表格格式
  • 工作单格式
  • 卡片格式
题名:
一生扶首拜阳明:典藏修订版
    
 
作者: 陈正侠
分册:  
出版信息: 北京   中国友谊出版公司  2016.06
页数: 260页
开本: 20cm
丛书名:
单 册:
中图分类: B248.2
科图分类:
主题词: 哲学--中国--明代
电子资源:
ISBN: 7-5057-3724-4
000 00637nam0 2200205 450
001 2776
005 20161206085235.04
010    @a7-5057-3724-4@dCNY49.80
100    @a20150810d2016 km y0chiy0120 ea
101 0  @achi
102    @aCN@b110000
200 1  @a一生扶首拜阳明:典藏修订版@Ayi sheng fu shou bai yang ming:dian cang xiu ding ban@f陈正侠@Fchen zheng xia
210    @a北京@c中国友谊出版公司@d2016.06
215    @a260页@d20cm
330    @a王守仁·人物研究·
606 0  @a哲学@x中国@x明代
690    @aB248.2@v4
701  0 @a陈正侠@Achen zheng xia
801  0 @aCN@b大连网信软件有限公司图书馆·11@c20161206
905    @aZUCC@dB248.2@e45
    
    一生扶首拜阳明:典藏修订版/陈正侠.-北京:中国友谊出版公司,2016.06
    260页;20cm
    
    
    ISBN 7-5057-3724-4:CNY49.80
    王守仁·人物研究·
●
相关链接 在E读中查询图书 在五车中查询图书 在当当中查询图书 在豆瓣中查询图书


正题名:一生扶首拜阳明:典藏修订版     索取号:B248.2/45         预约/预借

序号 登录号 条形码 馆藏地/架位号 状态 备注
1 911214   209112146   第一样本阅览室/ [索取号:B248.2/45] 在馆    
2 911215   209112155   第一借阅区/ [索取号:B248.2/45] 在馆    
3 911216   209112164   第一借阅区/ [索取号:B248.2/45] 在馆    
4 911217   209112173   第一借阅区/ [索取号:B248.2/45] 在馆    
5 911218   209112182   第一借阅区/ [索取号:B248.2/45] 在馆    
唐山师范学院图书馆 欢迎您!
大连网信软件有限公司© 版权所有